[Event "CRO Topla Voda Cup"]
[Site "Tuhovec"]
[Date "2022.08.06"]
[Round "10.1"]
[White "Vidovic, Sasa"]
[Black "Vernacki, Srdjan"]
[Result "1-0"]
[WhiteElo "2303"]
[BlackElo "2233"]
[PlyCount "67"]
[EventDate "2022.08.06"]
[EventType "team-tourn (blitz)"]
[EventRounds "11"]
[EventCountry "CRO"]
[SourceTitle "CBM 209 Extra"]
[Source "ChessBase"]
[SourceDate "2022.09.30"]
[SourceVersion "1"]
[SourceVersionDate "2022.09.30"]
[SourceQuality "1"]
[WhiteTeam "Strahoninec"]
[BlackTeam "Strigova Stridon"]
[WhiteTeamCountry "CRO"]
[BlackTeamCountry "CRO"]

1. b3 e5 2. Bb2 Nc6 3. e3 d5 4. Bb5 Bd6 5. Nf3 Qe7 6. c4 a6 7. Ba4 dxc4 8. Bxc6+ bxc6 9. Qc2 Nf6 10. Qxc4 0-0 11. Nc3 e4 12. Nd4 c5 13. Nde2 Be6 14. Qa4 Bd7 15. Qc4 Rfe8 16. Nd5 Nxd5 17. Qxd5 Bb5 18. Ng3 g6 19. h4 Rad8 20. Qg5 Qd7 21. Rd1 Bxg3 22. a4 Bd3 23. fxg3 Re6 24. Bc3 a5 25. Bxa5 Ba6 26. Kf2 Qd3 27. Kg1 Rd5 28. Qf4 Rf5 29. Qxc7 Qe2 30. Kh2 Rf2 31. Rhg1 Ref6 32. Bc3 Kg7 33. Qxc5 Bc8 34. Qxc8 1-0

[Event "Gradiste op 1st"]
[Site "Gradiste"]
[Date "2019.06.28"]
[Round "8"]
[White "Vernacki, Srdjan"]
[Black "Nikic, Patrick"]
[Result "1-0"]
[WhiteElo "2312"]
[BlackElo "2113"]
[PlyCount "131"]
[EventDate "2019.06.24"]
[EventType "swiss"]
[EventRounds "9"]
[EventCountry "CRO"]
[SourceTitle "EXT 2020"]
[Source "ChessBase"]
[SourceDate "2019.10.17"]
[SourceVersion "1"]
[SourceVersionDate "2019.10.17"]
[SourceQuality "1"]

1. Nf3 Nf6 2. g3 d5 3. Bg2 e6 4. d3 c5 5. Nbd2 Nc6 6. e4 Be7 7. 0-0 0-0 8. e5 Nd7 9. Re1 Qc7 10. Qe2 b5 11. Nf1 b4 12. h4 Nd4 13. Nxd4 cxd4 14. Nh2 Ba6 15. Bg5 Bxg5 16. hxg5 Rfc8 17. Rac1 Bb5 18. Nf3 Qb6 19. Qd2 Rc7 20. Qxb4 Rac8 21. Nxd4 a5 22. Qxb5 Qxd4 23. c3 Qc5 24. Qxc5 Nxc5 25. Red1 Na4 26. Rd2 d4 27. c4 Rb8 28. Rcc2 Rb6 29. Kf1 Kf8 30. f4 Rc8 31. Be4 Rcb8 32. c5 Rxb2 33. Rxb2 Nxb2 34. Rc2 Nd1 35. Ke1 Nc3 36. g4 g6 37. Kf2 Ke7 38. Kf3 Rb1 39. Rh2 a4 40. Rxh7 Rf1+ 41. Kg3 Ne2+ 42. Kg2 Rxf4 43. Bxg6 Nc3 44. c6 Nd5 45. Be4 Rxg4+ 46. Kf3 Rxg5 47. Bxd5 exd5 48. c7 Rg8 49. Rh4 Rc8 50. Rxd4 Ke6 51. Rxa4 Rxc7 52. Kf4 Rc1 53. Ra6+ Ke7 54. Ke3 Rc5 55. a4 Rc3 56. Kd4 Ra3 57. a5 Kd7 58. Rd6+ Ke7 59. Rxd5 f6 60. exf6+ Kxf6 61. Kc4 Ke6 62. Rh5 Ra4+ 63. Kb5 Rd4 64. a6 Rxd3 65. a7 Ra3 66. Rh6+ 1-0

[Event "Gradiste op 1st"]
[Site "Gradiste"]
[Date "2019.06.26"]
[Round "5"]
[White "Vernacki, Srdjan"]
[Black "Pandurevic, Miro"]
[Result "1-0"]
[WhiteElo "2312"]
[BlackElo "2221"]
[PlyCount "70"]
[EventDate "2019.06.24"]
[EventType "swiss"]
[EventRounds "9"]
[EventCountry "CRO"]
[SourceTitle "EXT 2020"]
[Source "ChessBase"]
[SourceDate "2019.10.17"]
[SourceVersion "1"]
[SourceVersionDate "2019.10.17"]
[SourceQuality "1"]

1. c4 c5 2. b3 Nf6 3. Bb2 Nc6 4. e3 e6 5. Nf3 Be7 6. Be2 0-0 7. 0-0 d5 8. cxd5 Nxd5 9. a3 Bf6 10. Qc2 b6 11. d4 Bb7 12. dxc5 Bxb2 13. Qxb2 bxc5 14. Nbd2 Na5 15. b4 cxb4 16. axb4 Nc6 17. b5 Nce7 18. Nc4 a6 19. Na5 Bc8 20. Nd4 Qb6 21. Nc4 Qc5 22. b6 Rb8 23. Ra5 Qb4 24. Qxb4 Nxb4 25. Rb1 Nbd5 26. Bf3 Rd8 27. Rc5 f6 28. h3 e5 29. Nc6 Nxc6 30. Bxd5+ Rxd5 31. Rxd5 Bf5 32. Rb2 Be6 33. Rc5 Bd7 34. b7 Kf8 35. Rb6 Kf7 1-0

[Event "CRO-chT1B 27th"]
[Site "Biograd"]
[Date "2018.09.18"]
[Round "4.14"]
[White "Doric, Nenad"]
[Black "Vernacki, Srdjan"]
[Result "1/2-1/2"]
[WhiteElo "2249"]
[BlackElo "2357"]
[PlyCount "100"]
[EventDate "2018.09.15"]
[EventType "team-swiss"]
[EventRounds "9"]
[EventCountry "CRO"]
[SourceTitle "CBM 186 Extra"]
[Source "ChessBase"]
[SourceDate "2018.08.24"]
[SourceVersion "1"]
[SourceVersionDate "2018.08.24"]
[SourceQuality "1"]
[WhiteTeam "Rijeka Junior"]
[BlackTeam "Strigova Stridon"]
[WhiteTeamCountry "CRO"]
[BlackTeamCountry "CRO"]

1. e4 c5 2. Nf3 e6 3. d4 cxd4 4. Nxd4 a6 5. Nc3 b5 6. Bd3 Bb7 7. 0-0 b4 8. Na4 Nf6 9. Re1 Nc6 10. Nf3 d6 11. c3 Be7 12. Bf4 0-0 13. Rc1 a5 14. c4 Nd7 15. Bb1 e5 16. Be3 Qc7 17. c5 dxc5 18. Nxc5 Nxc5 19. Bxc5 Bxc5 20. Rxc5 Qb6 21. Qc1 Rac8 22. Qe3 f6 23. Rec1 Nd4 24. Rxc8 Rxc8 25. Rxc8+ Bxc8 26. Bc2 Be6 27. Bb3 Bxb3 28. axb3 Qc5 29. h3 Qc2 30. Nxd4 Qd1+ 31. Kh2 exd4 32. Qg3 h6 33. e5 fxe5 34. Qxe5 Qxb3 35. Qe8+ Kh7 36. Qe4+ Kh8 37. Qa8+ Qg8 38. Qxa5 d3 39. Qxb4 Qd5 40. Qd2 Qe5+ 41. g3 Qe2 42. Qf4 Kg8 43. Qc4+ Kh8 44. Kg2 Qd1 45. Qc8+ Kh7 46. Qf5+ Kg8 47. Qd5+ Kh8 48. Qa8+ Kh7 49. Qf3 Qc2 50. Qe4+ Kg8 1/2-1/2

[Event "CRO-chT1B 26th"]
[Site "Mali Losinj"]
[Date "2017.09.30"]
[Round "3.3"]
[White "Dunatov, Kresimir"]
[Black "Vernacki, Srdjan"]
[Result "0-1"]
[WhiteElo "1906"]
[BlackElo "2324"]
[PlyCount "120"]
[EventDate "2017.09.28"]
[EventType "team-tourn"]
[EventRounds "9"]
[EventCountry "CRO"]
[SourceTitle "EXT 2018"]
[Source "ChessBase"]
[SourceDate "2017.10.13"]
[SourceVersion "1"]
[SourceVersionDate "2017.10.13"]
[SourceQuality "1"]
[WhiteTeam "Zadar"]
[BlackTeam "Strigova Stridon"]
[WhiteTeamCountry "CRO"]
[BlackTeamCountry "CRO"]

1. e4 c5 2. Nf3 e6 3. d4 cxd4 4. Nxd4 a6 5. Nc3 Qc7 6. g3 b5 7. Bg2 Bb7 8. 0-0 d6 9. Re1 Nf6 10. Nd5 Nxd5 11. exd5 e5 12. f4 Nd7 13. Nc6 Bxc6 14. dxc6 Nc5 15. Qd5 0-0-0 16. Be3 h5 17. Red1 Be7 18. a4 b4 19. Qxf7 h4 20. Bh3+ Kb8 21. Bxc5 hxg3 22. Bd7 Rxd7 23. Qd5 gxh2+ 24. Kh1 Rdd8 25. Bxb4 Rc8 26. fxe5 Qxc6 27. exd6 Bf6 28. d7 Qxd5+ 29. Rxd5 Rxc2 30. Bc3 Bxc3 31. bxc3 Rd8 32. Rd3 Kc7 33. Rb1 Rxd7 34. Rb7+ Kxb7 35. Rxd7+ Kb6 36. Rxg7 Ka5 37. Rg6 Rxc3 38. Kxh2 Ra3 39. Kg2 Rxa4 40. Kf2 Re4 41. Kf3 Re5 42. Kf4 Re8 43. Rd6 Kb5 44. Rd5+ Kb4 45. Rd4+ Kc5 46. Ra4 Kb5 47. Ra1 a5 48. Rb1+ Kc4 49. Rc1+ Kb3 50. Rb1+ Kc3 51. Rb7 a4 52. Ra7 Kb3 53. Rb7+ Ka2 54. Kf3 Re1 55. Kf2 Rb1 56. Ra7 Rb4 57. Ke2 a3 58. Kd3 Kb2 59. Rc7 a2 60. Rc2+ Kb1 0-1

[Event "CRO-chT1B"]
[Site "Bol"]
[Date "2014.10.10"]
[Round "7.3"]
[White "Csonka, Attila Istvan"]
[Black "Vernacki, Srdjan"]
[Result "1/2-1/2"]
[WhiteElo "2331"]
[BlackElo "2348"]
[PlyCount "91"]
[EventDate "2014.10.04"]
[EventType "team-tourn"]
[EventRounds "9"]
[EventCountry "CRO"]
[SourceTitle "CBM 162 Extra"]
[Source "ChessBase"]
[SourceDate "2014.10.17"]
[SourceVersion "1"]
[SourceVersionDate "2014.10.17"]
[SourceQuality "1"]
[WhiteTeam "Strigova Stridon"]
[BlackTeam "Vukovar Slaven"]
[WhiteTeamCountry "CRO"]
[BlackTeamCountry "CRO"]

1. e4 c5 2. Nf3 e6 3. d4 cxd4 4. Nxd4 a6 5. Bd3 Nf6 6. 0-0 d6 7. c4 Be7 8. Nc3 0-0 9. Qe2 Qc7 10. Kh1 Nc6 11. Nxc6 bxc6 12. Be3 Nd7 13. Rac1 Bf6 14. f4 g6 15. c5 d5 16. e5 Bg7 17. Na4 a5 18. Bd4 Nb8 19. Nb6 Ra7 20. Nxc8 Rxc8 21. g4 Nd7 22. Rf3 Re8 23. Re3 Rb7 24. a3 Rb3 25. Rf1 Bf8 26. f5 Nxc5 27. fxg6 hxg6 28. Bxc5 Bxc5 29. Ref3 Rf8 30. Qc2 Rxd3 31. Rxd3 Be7 32. Qe2 c5 33. Rdf3 Bg5 34. h4 Bxh4 35. Qh2 g5 36. Qe2 Qc6 37. Kg2 d4 38. Kh3 Qd5 39. Rf6 d3 40. Qf3 Qxf3+ 41. R6xf3 d2 42. Rd3 Be1 43. Rd7 Rb8 44. Rfxf7 Rb3+ 45. Kg2 d1Q 46. Rg7+ 1/2-1/2

[Event "CRO-chT1B"]
[Site "Bol"]
[Date "2014.10.09"]
[Round "6.4"]
[White "Vernacki, Srdjan"]
[Black "Bender, Ivan"]
[Result "1/2-1/2"]
[WhiteElo "2348"]
[BlackElo "2301"]
[PlyCount "63"]
[EventDate "2014.10.04"]
[EventType "team-tourn"]
[EventRounds "9"]
[EventCountry "CRO"]
[SourceTitle "CBM 162 Extra"]
[Source "ChessBase"]
[SourceDate "2014.10.17"]
[SourceVersion "1"]
[SourceVersionDate "2014.10.17"]
[SourceQuality "1"]
[WhiteTeam "Vukovar Slaven"]
[BlackTeam "Dubrovnik"]
[WhiteTeamCountry "CRO"]
[BlackTeamCountry "CRO"]

1. c4 Nf6 2. Nf3 e6 3. e3 d5 4. Qc2 Be7 5. a3 0-0 6. Be2 Nbd7 7. 0-0 b6 8. b3 Bb7 9. Bb2 c6 10. d3 Rc8 11. Nbd2 Qc7 12. Rac1 Qb8 13. Rfe1 Rfd8 14. Qb1 Nf8 15. h3 Ng6 16. Bf1 a5 17. Red1 h6 18. Qa1 Ne8 19. Rc2 Bf6 20. Bxf6 Nxf6 21. Qb2 Qd6 22. Rdc1 Qe7 23. cxd5 cxd5 24. d4 Qe8 25. Bd3 Nf8 26. Ne5 Rxc2 27. Rxc2 Rc8 28. Rxc8 Qxc8 29. Qc2 Qxc2 30. Bxc2 N8d7 31. Nxd7 Nxd7 32. Kf1 1/2-1/2